000 01259nam0a2200313 4500
001 RU\NLR\bibl\426996
005 20260408192907.0
010 _a5-288-03203-3
_9500
035 _a(NLR Aleph) 000420878
090 _a694151
_c694151
100 _a20030807d2003 k y0rusy50 ca
101 0 _arus
102 _aRU
105 _ay |||||||||
200 1 _aЛевые силы Франции и европейское строительство
_e1980-1990-е г.
_fР.В. Костюк
_gС.-Петерб. гос. ун-т. Фак. междунар. отношений
210 _aСПб.
_cИзд-во СПбГУ
_d2003
215 _a573,[1] с.
_d20
225 1 _aБиблиотека европейских исследований
_vВып. 10
320 _aБиблиогр.: с. 539-556 и в примеч. в конце гл.
606 _aЛевые (полит.)
_yФранция
_z1980 - 1990-ые гг.
_3RU\NLR\AUTH\661314267
_92185957
686 _aФ69(4Фр)2
700 1 _aКостюк
_bР. В.
_gРуслан Васильевич
_4070
801 0 _aRU
_bNLR
_c20030807
_gPSBO
801 1 _aRU
_bNLR
_c20030807
830 _aАвт. раскрыт по кн.
942 _cBOOK
980 _aNB